000 00644cam a2200181 4500500
005 20260111080203.0
041 _afre
042 _adc
100 1 0 _aGalliffet, Nicolas
_eauthor
700 1 0 _aGiraud, Pauline
_eauthor
245 0 0 _aPerspectives des finances publiques, stratégie et vue d’ensemble
260 _c2017.
500 _a5
690 _abudget de l’État
690 _aprojet de loi de finances pour 2017
786 0 _nGestion & Finances Publiques | 1 | 1 | 2017-01-25 | p. 11-17 | 1969-1009
856 4 1 _uhttps://droit.cairn.info/revue-gestion-et-finances-publiques-2017-1-page-11?lang=fr&redirect-ssocas=7080
999 _c1615994
_d1615994